Il terzo peccato : poema degli amori, in canti 23 /

Kaydedildi:
Detaylı Bibliyografya
Yazar: Colautti, Arturo (Yazar)
Materyal Türü: Kitap
Dil:İtalyanca
Baskı/Yayın Bilgisi: Milano : U. Hoepli, 1908
Edisyon:2. ed. migliorata e annotata
Konular:
Etiketler: Etiketle
Etiket eklenmemiş, İlk siz ekleyin!

MARC

LEADER 00000nam a22000007i 4500
001 IT\ICCU\CUB\0199688
003 ItRI
005 20260115232235.0
008 971107s1908 it |||||| ||||| |||||c
040 |b ita  |c importazione bologna sebina 
041 7 |a ita  |2 ISO-639-2 
082 |a 850  |9 LETTERATURE IN LINGUA ITALIANA, ROMENA, LADINA  |2 19 
100 1 |a Colautti, Arturo  |0 IT\ICCU\CUBV\044335  |4 aut 
245 1 3 |a Il terzo peccato :  |b poema degli amori, in canti 23 /  |c Arturo Colautti. 
250 |a 2. ed. migliorata e annotata 
260 |a Milano :  |b U. Hoepli,  |c 1908 
300 |a XVI, 662 p., [1] c. di tav. :  |b ritr. ;  |c 21 cm. 
650 7 |a COLAUTTI, ARTURO . TERZO PECCATO  |2 scbi 
790 0 |a Fram  |3 IT\ICCU\RAVV\307616  |z Colautti, Arturo 
942 |2 ddc  |c BK  |n 0 
952 |0 0  |1 0  |4 0  |6 DOC_851_912000000000000_COL  |7 0  |9 22685  |a BO  |b BO  |d 2026-01-15  |i 2000  |l 0  |o DOC 851.912 COL  |p BO2000  |r 2026-01-15 23:22:35  |w 2026-01-15  |x [Sebina 7] [1 v.]  |y BK  |z 1 v. 
999 |c 19371  |d 19371